000 00408cam a2200145 4500500
005 20251012032529.0
041 _afre
042 _adc
100 1 0 _aSesé, Bernard
_eauthor
245 0 0 _aPages de début
260 _c2004.
500 _a42
786 0 _nSigila | 14 | 2 | 2004-12-20 | p. 2-8 | 1286-1715
856 4 1 _uhttps://shs.cairn.info/revue-sigila-2004-2-page-2?lang=fr&redirect-ssocas=7080
999 _c1547570
_d1547570